Statistieken voor Provincie Namen - Trivia

Klik hier om de quiz te nemen!

Algemene statistieken

  • Deze quiz is 179 keer genomen
  • De gemiddelde score is 10 van 15

Antwoordstatistieken

OmschrijvingAntwoord% Correct
Aangrenzende landenFrankrijk
95%
HoofdstadNamen
94%
Aangrenzende provinciesLuik
93%
Aangrenzende provinciesLuxemburg
89%
Aangrenzende provinciesWaals-Brabant
89%
Aangrenzende provinciesHenegouwen
85%
Belangrijkste rivierMaas
80%
Trappistenbier gebrouwen in RochefortRochefort
67%
Stad bekend van haar prachtige citadelDinant
61%
Vloeit samen met deze rivier in de hoofdstadSamber
58%
Dit gebouw ligt in de hoofdstad en is de zetel van de Waalse GemeenschapWaals {Parlement}
58%
Belangrijkste snelwegE411 / E42
51%
Hoogste punt (Betekenis: Leistenen Kruis){Croix}-Scaille
39%
Derde stadAndenne
25%
Tweede stadSambreville
25%

Scoreverdeling

Percentiel versus Aantal Correcte Antwoorden

Procent van Mensen met Elke Score

Uw Scoregeschiedenis

U heeft deze quiz nog niet genomen